000 00445nam a2200169Ia 4500
003 GCL
008 140319s9999 xx 000 0 ara d
040 _aGCL /
_cGCL
082 0 4 _a813.9
_bص ذ
100 1 _aصنع الله ابراهيم
245 1 0 _aذات (رواية) /
_cصنع الله ابراهيم
300 _a355 ص
490 _a
650 0 4 _aالادب العربى
650 0 4 _aالقصص العربية
942 _2ddc
_cBK
999 _c40117
_d40117